[Event "Hoogovens-B"]
[Site "Wijk aan Zee"]
[Date "1994.01.??"]
[Round "9"]
[White "Hansen, Lars Bo"]
[Black "Pliester, Leon"]
[Result "1/2-1/2"]
[WhiteElo "2545"]
[BlackElo "2395"]
[Annotator "Ambroz,J"]
[PlyCount "53"]
[EventDate "1994.01.21"]
[EventType "tourn"]
[EventRounds "9"]
[EventCountry "NED"]
[EventCategory "9"]
[SourceTitle "CBM 040"]
[Source "ChessBase"]
[SourceDate "1994.06.01"]
[SourceVersion "1"]
[SourceVersionDate "1994.06.01"]
[SourceQuality "1"]

1. d4 Nf6 2. Nf3 e6 3. g3 d5 4. Bg2 Be7 5. O-O O-O 6. c4 c6 7. Nc3 Nbd7 8. Qd3
b6 (8... Re8 $6 9. e4 dxc4 10. Qxc4 Nf8 11. e5 N6d7 12. Ne4 Nb6 13. Qe2 h6 14.
h4 $1 Nd5 15. Nh2 f5 16. exf6 Nxf6 17. Rd1 N8h7 18. Nf3 Rf8 19. Ne5 $16 {
Kengis-Hmadi, Manila olm 1992}) 9. e4 Ba6 (9... a5 $5 10. b3 Ba6 11. exd5 cxd5
12. a4 Nb8 $5 13. Ne5 Bb7 14. Qe2 Na6 15. Bf4 Nb4 16. Rac1 Rc8 17. g4 $5 h6 18.
Rfd1 Ba8 19. Bg3 Re8 20. h3 Nd7 $10 {Romanishin-Dolmatov, Erevan zt 1982}) 10.
b3 dxc4 (10... Rc8 11. a4 $1 {N; (+)b5} (11. Rd1 dxe4 {N} (11... c5 12. exd5
exd5 13. Bb2 dxc4 14. bxc4 cxd4 15. Nb5 Nc5 16. Qxd4 Qxd4 17. Nfxd4 Bxb5 (17...
Na4 18. Nf5 $1 Rfe8 19. Bd4 Bxb5 20. cxb5) 18. cxb5 {><c6} Na4 19. Nf5 Rfe8 20.
Bd4 Bc5 21. Bc6 $1 {Romanishin-Ciric,D, Dortmund 1976}) (11... Bb4 12. e5 Ne8
13. Ng5 $1 g6 14. Ne2 Ng7 15. h4 Qc7 16. h5 $1 Nxh5 17. g4 Ng7 18. Qh3 h5 19.
gxh5 $16 {Schlichtmann-Lipteinik, Dortmund op 1988}) 12. Nxe4 b5 13. Nxf6+ Bxf6
14. Bf4 bxc4 15. bxc4 c5 16. Rac1 Qa5 17. Qe2 Rfd8 18. Ne5 {Sosonko,G-Flear,G/
San Bernardino/1991/0.5 (18)}) (11. Bf4 Re8 12. Rfd1 Nf8 13. a4 Bb4 14. e5 N6d7
15. Bd2 Nb8 16. Qc2 Be7 17. Qa2 Bb7 18. Qb2 a5 19. h4 Na6 20. Bg5 Nb4 21. Rac1
Rc7 22. Qd2 Qd7 23. Nh2 Bxg5 24. hxg5 Rec8 25. Ng4 {Kortchnoi,V-Petrosian,T/
Moskva 20/540/1975/1-0 (74)}) 11... Ne8 $5 12. exd5 cxd5 $6 13. Nb5 $1 dxc4 14.
bxc4 Nd6 15. Nd2 $16 Bxb5 16. axb5 Qc7 17. Ba3 Rfd8 18. Rac1 Nf5 $1 19. Bxe7
Nxe7 20. Rfe1 Nb8 $2 21. Nf3 a6 22. bxa6 Nxa6 23. Qa3 $1 Ra8 $8 24. Ne5 Ra7 25.
Qb2 $16 {Petursson,M-Renet,O/St.Martin 52/500 [Petursson,M]/1991/1-0 (49)}) (
10... Ne8 $146 11. Rd1 Nd6 12. e5 Nb7 $2 13. h4 Rc8 14. Ng5 g6 15. Nf3 dxc4 $6
16. Qe3 $1 $16 Re8 17. Ne4 Qc7 18. h5 Rcd8 $6 19. hxg6 hxg6 20. Qh6 Bf8 21. Qh4
Bg7 22. Bg5 $18 {Sorokin,M-Landa,K/St.Petersburg zt [Belov]/1993/1-0 (28)}) 11.
bxc4 e5 12. Rd1 exd4 (12... Qc7 13. dxe5 Nxe5 14. Nxe5 Qxe5 15. Bf4 Qc5 16. e5
Nh5 (16... Bxc4 17. Qd4 (17. exf6 Bxd3 18. fxe7 Qxc3 19. Rac1 Qa3 20. exf8=Q+
Rxf8 21. Rxc6 Bb5 $19) 17... Nh5 18. Be3 $1 {/\ g4, >< Nh5}) 17. Be3 Qxe5 (
17... Qxc4 18. Qxc4 Bxc4 19. g4) 18. Bxc6 Rad8 19. Bd4 (19. Nd5 $5 $36 Nf6 20.
Bd4 Qd6 21. Qe3 (21. Nxe7+ Qxe7 22. Rac1 $14) 21... Nxd5 22. cxd5 Bf6 $5 23.
Bxf6 Qxf6 24. Qa3 Be2 $1) 19... Qg5 20. Nb5 Bc5 21. Qe3 Qxe3 22. fxe3 Nf6 23.
Bxc5 bxc5 24. Nxa7 Bxc4 25. Rdc1 {Sorokin,M-Hoffman,A/San Martin (03)/1993/0.5
(50)}) (12... Bb4 13. Bb2 exd4 14. Nxd4 Ne5 15. Qc2 Qc8 16. Nf5 Re8 17. Qc1 h6
18. Ne2 Bc5 19. Nf4 Nfg4 20. Bd4 Bf8 21. h3 c5 22. Bc3 Nf6 23. Nd5 Nfd7 24. f4
Nxc4 25. Bxg7 $1 {Inkiov,V-Letzelter,J._C/Buenos Aires (ol) 26/532/1978/1-0 
(32)}) 13. Nxd4 Ne5 14. Qc2 Qe8 15. Bg5 Bxc4 16. Nf5 Rd8 17. h3 {/\ f4} h6 18.
Rxd8 Bxd8 (18... Qxd8 19. Rd1 Qc7 20. Bf4 $44 (20. Bxh6 gxh6 21. Qc1 Rd8 22.
Qxh6 Rxd1+ 23. Nxd1 Ne8 24. Qh5 Ng6 $19)) 19. Bf4 b5 20. Qd2 $1 Qd7 (20... b4
$5 21. Bxh6 bxc3 22. Qg5 Ng6 23. Bxg7 Nh7) 21. Bxh6 $1 gxh6 22. Qxh6 Ne8 23.
Qh5 Qe6 24. Nh6+ Kg7 25. Nf5+ Kg8 26. Nh6+ Kg7 27. Nf5+ 1/2-1/2

[Event "Aruba m"]
[Site "Aruba"]
[Date "1994.??.??"]
[Round "2"]
[White "Piket, Jeroen"]
[Black "Polugaevsky, Lev"]
[Result "0-1"]
[WhiteElo "2605"]
[BlackElo "2595"]
[Annotator "Ambroz,J"]
[PlyCount "60"]
[EventDate "1994.02.??"]
[EventType "match"]
[EventRounds "8"]
[EventCountry "NAU"]
[SourceTitle "CBM 040"]
[Source "ChessBase"]
[SourceDate "1994.06.01"]
[SourceVersion "1"]
[SourceVersionDate "1994.06.01"]
[SourceQuality "1"]

1. d4 {Kortschnoj Ftacnik} Nf6 2. Nf3 e6 3. g3 d5 4. Bg2 Be7 5. O-O O-O 6. c4
c6 7. Nc3 Nbd7 (7... dxc4 8. e4 Nbd7 9. a4 e5 10. dxe5 Ng4 $13 {Sosonko-Van
der Wiel, Wijk aan Zee 1987}) 8. Qd3 b6 9. e4 Ba6 10. b3 dxc4 11. bxc4 e5 12.
Rd1 (12. dxe5 Ng4 13. Bf4 g5 14. Nxg5 Ngxe5 15. Qe3 Nxc4 16. Qc1 Nce5 17. Rd1
Nd3 18. Rxd3 Bxd3 19. Qe3 Ne5 20. Rd1 Bc5 21. Qc1 Ng4 22. Rd2 Qd4 23. h3 Nxf2 {
Kouatly-Pfleger, Royan 1988}) 12... exd4 (12... Bb4 {Ftacnik} 13. Bb2 (13. dxe5
{Kortschnoj} Ng4 $13) 13... exd4 14. Nxd4 Ne5 15. Qc2 Qc8 16. Nf5 Re8 17. Qc1
h6 18. Ne2 Bc5 19. Nf4 Nfg4 20. Bd4 Bf8 21. h3 c5 22. Bc3 Nf6 23. Nd5 Nfd7 24.
f4 Nxc4 25. Bxg7 $40 {Inkiov,V-Letzelter,JC/Buenos Aires olm/1978/1-0 (32)}) (
12... Qc7 {Ftacnik} 13. dxe5 Nxe5 14. Nxe5 Qxe5 15. Bf4 Qc5 16. e5 Nh5 17. Be3
Qxe5 18. Bxc6 Rad8 19. Bd4 Qg5 20. Nb5 Bc5 21. Qe3 Qxe3 22. fxe3 Nf6 23. Bxc5
bxc5 24. Nxa7 Bxc4 25. Rdc1 $14 {Sorokin,M-Hoffman,A/San Martin (03)/1993/0.5 
(50)}) 13. Nxd4 Ne5 14. Qc2 Qe8 (14... Bxc4 15. Nxc6 (15. f4 Bc5 16. Be3 Neg4)
15... Qc7 16. Nd5 $5 Nxd5 17. exd5 $16) 15. Bf4 (15. Bg5 $5 {Ftacnik} Bxc4 16.
Nf5 (16. f4 Neg4 {xe3}) 16... Rd8 17. h3 h6 18. Rxd8 (18. Bf4 Nd3 $13) 18...
Bxd8 19. Bf4 b5 (19... Nfd7 20. Qd2 $132) 20. Qd2 Qd7 21. Bxh6 $1 gxh6 22. Qxh6
Ne8 23. Qh5 Qe6 24. Nh6+ Kg7 25. Nf5+ {Hansen,LB-Pliester,L/Wijk-B (09)/1994/0.
5 (27)} Kg8 $10 (25... Kf6 $2 26. Qh4+ Kg6 27. Qh6#)) 15... Nfd7 (15... Nxc4
16. e5 Nd5 17. Nxd5 cxd5 18. Bxd5 $16) 16. Bh3 $1 {/\ Nc6} (16. Bxe5 {Ftacnik}
Nxe5 17. f4 Nxc4 18. Qa4 Na5 19. e5 Bb7 $15) 16... Bf6 (16... c5 17. Ndb5 $1 (
17. Nc6 Bf6 (17... Nxc6 $2 18. Bxd7) 18. Bxd7 Nxd7 19. Bd6 Bxc4 20. Bxf8 Nxf8
$13)) 17. Nxc6 Nf3+ 18. Kg2 (18. Kh1 $16 {Kortschnoj}) 18... Nc5 $1 19. Rd6 (
19. Kxf3 Bxc3 20. Bd7 (20. Qxc3 Qxe4+ 21. Kg4 Qxc6 $19) 20... Nxd7 21. Qxc3 Nc5
$19) (19. Bd7 Nxd7 20. Kxf3 Nc5) (19. Bd6 $5 Qxc6 20. Bxc5 (20. Bxf8 Kxf8 21.
Kxf3 Bxc3) 20... Bxc3 $5 (20... Qxc5 21. Kxf3 Qxc4 22. Rac1) 21. Qxc3 (21. Bxf8
Bxa1 $17) 21... Nh4+ 22. gxh4 Qxe4+ $15) (19. Nb4 {Ftacnik} Nd4 20. Qc1 Bb7 $17
) 19... Bxc3 20. Qxc3 Bb7 $1 (20... Nxe4 $2 {Ftacnik} 21. Qxf3 Nxd6 22. Bxd6
Bb7 23. Ne7+ Qxe7 24. Bxe7 Bxf3+ 25. Kxf3 $18) 21. Qxf3 Bxc6 22. Kg1 (22. Bf5
g6) (22. Rxc6 Qxc6 23. Re1 Rad8 $17) 22... Nxe4 23. Rd5 (23. Bg2 Nxd6 24. Qxc6
Qxc6 25. Bxc6 Rad8 26. Rc1 $17 {/\ c5}) (23. Rxc6 {Ftacnik} Qxc6 24. Bf5 Qf6
$17) (23. Rdd1 {Ftacnik} Ng5 24. Qh5 Qe4 $19) 23... Bxd5 24. cxd5 f5 25. Re1 $2
(25. Bg2 $142 Rc8 $17) (25. Rc1 {Ftacnik} g5 26. Be3 g4 $19) (25. Bf1 $17 {
Ftacnik}) 25... Ng5 $1 26. Bxg5 Qxe1+ 27. Kg2 Qe4 28. Qxe4 fxe4 29. Be6+ Kh8
30. Kf1 (30. d6 Rae8) 30... Rae8 0-1

[Event "Tekirdag Rodosto"]
[Site "Tekirdag"]
[Date "2016.11.03"]
[Round "2"]
[White "Atalik, Ekaterina"]
[Black "Atalik, Suat"]
[Result "0-1"]
[WhiteElo "2414"]
[BlackElo "2550"]
[Annotator "Atalik,S"]
[PlyCount "118"]
[EventDate "2016.11.02"]
[EventType "tourn"]
[EventRounds "9"]
[EventCountry "TUR"]
[EventCategory "11"]
[SourceTitle "CBM 176"]
[Source "ChessBase"]
[SourceDate "2017.01.17"]
[SourceVersion "1"]
[SourceVersionDate "2017.01.17"]
[SourceQuality "1"]

1. d4 Nf6 2. Nf3 d5 3. c4 e6 4. Nc3 c6 5. g3 Be7 6. Bg2 O-O 7. O-O Nbd7 {
Now we have a Classical Catalan on the board.} 8. Qc2 $6 {I am not impressed
with this pawn sacrifice.} {There is no need for} dxc4 (8... b6 9. Rd1 Ba6 10.
b3 Rc8 11. e4 dxc4 12. Bf4 Bb4 $13) 9. Rd1 Nd5 $5 (9... b5 $5 10. b3 b4 11. Ne5
Bb7 12. Na4 c3 13. Nxc6 Bxc6 14. Bxc6 Rc8 15. Bb7 Rc7 16. Bg2 $13) 10. e4 (10.
Ne4 b5 11. Neg5 g6) 10... Nxc3 11. bxc3 (11. Qxc3 $2 b5 12. b3 Nb6 13. Ne5 Bb7
14. bxc4 f6) 11... Qa5 (11... b5 12. d5) 12. h4 $6 {This does not fit the
system.} (12. a4 $1 Nb6 $1 13. Be3 c5 (13... f6 $5 14. e5 Bd7 15. exf6 gxf6 $13
) 14. dxc5 Bxc5 15. Bxc5 Qxc5 16. a5 Nd7 17. Qa4 b5 18. axb6 Nxb6 19. Qa5 $44)
12... e5 13. Be3 f6 $1 $17 14. Nd2 Nb6 15. Bf1 Be6 16. Rab1 (16. a4 Rad8) (16.
dxe5 fxe5 (16... Bc5 $2 17. Nb3 $1 cxb3 18. axb3 $18) 17. Bxb6 Qxb6 18. Nxc4
Qc7 19. Rd2 Bc5 $17 {and Black's pair of bishops matters.}) 16... Kh8 17. Be2
Rad8 18. h5 Rd7 $2 {It is really inexplicable} ({why I did not choose} 18...
Qa4 $1 19. Qxa4 (19. Qb2 Ba3 20. Qa1 $17) 19... Nxa4 20. Rxb7 Nxc3 21. Rxe7
exd4 $1 $19 {I had not seen this last move.}) 19. h6 Qa4 (19... gxh6 20. Bxh6
Rfd8 $142) (19... g6 20. Nf3 $132) 20. hxg7+ Kxg7 21. Rdc1 Ba3 $2 {A bad
mistake; while commiting it I was thinking only about the exchange sacrifice.}
(21... Qxc2 22. Rxc2 exd4 23. cxd4 f5 24. f3 fxe4 25. fxe4 Bf6 $1 26. e5 $140
Bd8 {and White's centre is loose.}) 22. Rxb6 $2 (22. dxe5 $1 fxe5 (22... Bxc1
$2 23. Qxc1 $1 {is surprisingly dangerous for Black.}) 23. Nf3 Qxc2 (23... Kf6
$5 24. Bg5+ Kg6 $11) 24. Rxc2 Bd6 25. Ng5 Bg8 26. Rd2 Rdd8) 22... Qxc2 23. Rxc2
axb6 24. Bxc4 Bg4 $1 25. f3 Bh5 26. g4 Bg6 {The bad bishop should be kept!} (
26... Bf7 $2 27. Bxf7 Kxf7 28. Nc4 Bd6 29. Nxb6 Rdd8 $13) 27. dxe5 fxe5 28.
Bxb6 Bc1 $1 (28... c5 $2 29. Bb5 $1 $13) (28... Be7 $5) 29. Nb3 Rd1+ (29... Bf4
30. Nc5 (30. Kg2 Bf7) 30... Be3+ 31. Kg2 Bxc5 32. Bxc5 Rfd8 $17) 30. Kg2 Ba3 $5
(30... Bg5 31. Nc5 Bf7) 31. Be2 Rb1 32. Bc7 (32. Rd2 Rb2 33. Bc5 Ra8 $17) 32...
Re8 33. Rd2 Rb2 34. Rd7+ Kf6 $5 {The start of a long walk for my king.} (34...
Bf7 35. Kf1 Kg6 $17) 35. Kf1 Kg5 $6 (35... Ke6 $142 36. Rg7 Be7) 36. Na5 $2
$138 {White could have produced a mess} ({with} 36. Bb6 $1 Kf4 $140 $2 37. Kf2)
36... Kf4 $1 $17 37. Nc4 Rxa2 $2 (37... Rb1+ $142 38. Bd1 Bb2 $1 $17) 38. Bb6
$1 Kg3 39. Bf2+ Kh2 40. Bg1+ (40. Be3 $142) 40... Kh3 (40... Kh1 $2 41. Rd1 $1)
41. Rd3 Ra1+ 42. Bd1 Kh4 $1 $138 {In the second time trouble Black won a pawn
and was all set up to retrieve the king from the danger zone.} 43. Kg2 (43. Bh2
$2 Bf7 44. Nxe5 Rxe5 45. Bxe5 Bc4 46. Kg2 Ra2+ $1 $19 (46... Bxd3 $4 47. Bf6#))
43... Bc1 $1 44. Nd6 Rb8 $2 {I thought that Katya could pick up the b7-pawn in
other lines.} (44... Rea8 $1 45. Nxb7 $140 R8a2+ 46. Bf2+ Kg5 $19) 45. Nf5+ $2
(45. Bf2+ Kg5 46. Kh3 $1 Kh6 47. Nf5+ Bxf5 48. exf5 $44 {is a better version
of minor piece exchange.}) 45... Kg5 46. Bc5 (46. Bb6 h5) 46... Ra2+ 47. Kg1 (
47. Kf1 $5) 47... Rba8 $1 48. Ng3 Kh6 $5 (48... Ba3 49. Be3+ Kf6 50. g5+ Ke7
$19) 49. Nf5+ Bxf5 50. exf5 Bg5 $1 51. Rd6+ Kg7 52. Rd7+ (52. f4 b6 $3 (52...
Bxf4 53. Rd7+ Kh8 54. Be7 $132) 53. Bxb6 Bxf4 54. Rd7+ Kh8) 52... Kh8 $1 53.
Bd6 Bf6 54. Kf1 (54. g5 Rg8 55. g6 hxg6 56. Bb3 Ra1+) 54... h6 $6 (54... Rd2 $1
55. Ke1 Rh2 $1 $19 {decides the game right away.}) 55. Rf7 $2 {Losing
immediately.} (55. Bc5 Ra1 56. Be3 Rd8 $19) 55... Rd2 56. Rxf6 Ra1 $1 $19 {
The little big move decides the game at once.} 57. Rf8+ Kg7 58. f6+ Kg6 59.
Rg8+ Kxf6 0-1

[Event "EU-ch 8th"]
[Site "Dresden"]
[Date "2007.04.14"]
[Round "11"]
[White "Chuchelov, Vladimir"]
[Black "Sargissian, Gabriel"]
[Result "0-1"]
[WhiteElo "2539"]
[BlackElo "2651"]
[Annotator "Avrukh,B"]
[PlyCount "52"]
[EventDate "2007.04.03"]
[EventType "swiss"]
[EventRounds "11"]
[EventCountry "GER"]
[SourceTitle "CBM 118"]
[Source "ChessBase"]
[SourceDate "2007.05.31"]
[SourceVersion "1"]
[SourceVersionDate "2007.05.31"]
[SourceQuality "1"]

1. Nf3 Nf6 2. c4 e6 3. g3 d5 4. d4 Bb4+ 5. Bd2 Be7 6. Bg2 O-O 7. O-O c6 8. Bf4
Nbd7 9. Qb3 {A few years ago this was a fashionable choice, but later on Black
managed to find a good line: 9...b6 10.Nc3 Bb7 and White failed to create any
problems for Black.} ({Nowadays} 9. Qc2 {is White's main option.}) 9... a5 $5 {
No doubts Gabriel has a deep knowledge of this line, playing the Catalan with
both colours as he does. So he opted for a tricky line, which actually first
occured in his own game.} ({As I mentioned before the main line is supposed to
be} 9... b6) 10. a4 {[%csl Gb4] Not the most useful move, but has been played
in almost all the games, where this position has been occurred.} ({The point
of Black's previous move can be seen from the following game:} 10. Nc3 a4 $1
11. Nxa4 dxc4 12. Qc2 Nd5 {with good play for Black.1/2-1/2 Sargissian,
G-Asrian,K/Yerevan 2003/CBM 096 ext (22)}) ({Maybe White should try} 10. Rc1 {
, but still I believe Black should be OK here.}) 10... b6 $146 {The most
natural move, which appears to be a novelty.} ({It seems to me, that Black has
no problems after} 10... Nh5 {here is a recent example:} 11. Be3 Bd6 12. Nc3
Kh8 13. Ne1 f5 14. Nd3 Qe7 15. f4 Nhf6 16. Ne5 Ne4 17. Nxe4 {1/2-1/2
Gustafsson,J-Lautier,J/Gothenburg SWE 2005/The Week in Chess 561}) 11. Nc3 Ba6
12. Nd2 $6 {In general a wrong plan, since now White's Q is clearly misplaced
on b3.} ({White's best option definitely should be:} 12. cxd5 exd5 {and we get
a typical position, which is supposed to be slightly better for White, but the
insertion of a4 and a5 clearly favours Black and his chances are not worse.} (
12... Nxd5 $5)) 12... Rc8 {It's clear, that everything is ready for the move
c6-c5.} (12... c5 $2 13. cxd5 cxd4 14. d6 dxc3 15. dxe7 Qxe7 16. Bxa8 $16) 13.
Rfd1 $2 {It difficult to say what White missed here, but after 13...c5 Black
takes over the initiative.} ({It was necessary to play} 13. e4 c5 14. exd5 cxd4
15. d6 dxc3 16. dxe7 Qxe7 17. Qxc3 Nc5 18. b4 {and White keeps the balance
after} axb4 19. Qxb4 $11) 13... c5 $15 14. dxc5 ({White loses a pawn after} 14.
cxd5 cxd4 15. d6 dxc3 16. dxe7 Qxe7 17. bxc3 Bxe2 18. Re1 Ba6 $17) 14... d4 15.
c6 $2 {This is already the decisive mistake.} (15. Nb5 $142 e5 16. Bg5 Nxc5 17.
Qc2 Ng4 18. Bxe7 Qxe7 $15) 15... Nc5 16. c7 Qxc7 ({Equally strong was} 16...
Nxb3 17. cxd8=Q Rfxd8 18. Nxb3 dxc3 19. Rxd8+ Bxd8 20. bxc3 Rxc4 21. Bd2 Bc8
$17 {/\ 22...Bd7}) 17. Bxc7 (17. Nb5 Nxb3 18. Nxc7 Nxa1 19. Nxa6 Nc2 $17) 17...
Nxb3 18. Nxb3 dxc3 $19 {Now White is lost.} 19. Bxb6 (19. Be5 Bxc4 $19) 19...
Bxc4 20. Nxa5 ({Black wins easily also after} 20. Nd4 cxb2 21. Rab1 Ba3 22. Nc2
Bxe2 23. Nxa3 Bxd1 24. Rxd1 Rc3 25. Nb1 Rc1 26. Rf1 Rfc8 $19) 20... cxb2 21.
Rab1 Bxe2 22. Nc6 (22. Re1 Bb4 $19) 22... Rxc6 23. Bxc6 Bxd1 24. Rxb2 (24. Rxd1
Rc8 $19) 24... Rc8 25. Bb7 Rc1 26. Be3 Ra1 0-1

[Event "St Petersburg zt"]
[Site "St Petersburg"]
[Date "1993.??.??"]
[Round "2"]
[White "Sorokin, Maxim"]
[Black "Landa, Konstantin"]
[Result "1-0"]
[WhiteElo "2490"]
[BlackElo "2445"]
[Annotator "Belov,I"]
[PlyCount "55"]
[EventDate "1993.01.??"]
[EventType "swiss"]
[EventRounds "9"]
[EventCountry "RUS"]
[SourceTitle "CBM 034"]
[Source "ChessBase"]
[SourceDate "1993.06.01"]
[SourceVersion "1"]
[SourceVersionDate "1993.06.01"]
[SourceQuality "1"]

1. d4 d5 2. c4 e6 3. Nc3 Be7 4. Nf3 Nf6 5. g3 O-O 6. Bg2 c6 7. O-O Nbd7 8. Qd3
b6 9. e4 Ba6 10. b3 Ne8 $146 (10... Rc8 11. a4 Ne8 12. exd5 cxd5 $6 (12... exd5
13. Re1 dxc4 14. bxc4 Nd6 15. Nd2 Bf6 16. Bb2 $14) 13. Nb5 $1 dxc4 14. bxc4 Nd6
15. Nd2 $16 {Petursson,M-Renet/St Martin/1991/}) (10... dxc4 11. bxc4 e5 12.
Rd1 Bb4 13. Bb2 exd4 14. Nxd4 Ne5 15. Qc2 Qc7 $13 {ECO}) 11. Rd1 Nd6 (11...
dxc4 12. Qe2) 12. e5 Nb7 $2 (12... dxc4 13. Qe2 Nb5 14. Nxb5 cxb5 15. d5 $44) (
12... Nf5 $5 $14) 13. h4 Rc8 (13... h6 $5) 14. Ng5 g6 15. Nf3 dxc4 $6 (15...
Qc7 {/\ c5}) (15... c5 $5) 16. Qe3 $1 $16 Re8 17. Ne4 Qc7 (17... c5 18. d5 $16)
18. h5 Rcd8 $6 (18... Bf8 $142) 19. hxg6 hxg6 20. Qh6 Bf8 21. Qh4 Bg7 22. Bg5
$18 cxb3 23. axb3 Be2 24. Re1 (24. Rd2 Bxf3 25. Bxf3 Nxe5 $17) 24... Bxf3 25.
Bxf3 Ra8 26. Kg2 c5 27. Rh1 cxd4 28. Bf6 $18 1-0